00929nam a22002891a 4500001000800000005001700008008004100025035002000066035000300086035001900089035001200108040001300120043001200133100003000145245005300175260001700228300002100245440004500266500001000311502003300321504005700354650004500411650004100456650004500497650004500542655005200587201690020110718134017.0970313s1997 xx eng d a(OCoLC)36547939  aucoclc36547939 a2016900 aCLUcCLU afc-----1 aKlieman, Kairn A.,d1962-10aHunters and farmers of the western equath[Text] aAfricac1997 axv, 392 leaves : aThesis (PhD. History) - University of Ca aVita. aThesis (Ph. D.)--UCLA, 1997. aIncludes bibliographical references (leaves 383-387) 0aBantu-speaking peoples - Africa, Central 0aPygmies - Africa, Central - History. 0aBantu-speaking peoples - Agriculture - A 0aPygmies - Agriculture - Africa, Central. 7aDissertations, Academic - UCLA - History2local